|
|
|
|
| LEADER |
01403nam a22003854a 4500 |
| 001 |
EBC459470 |
| 003 |
MiAaPQ |
| 005 |
20200520144314.0 |
| 006 |
m o d | |
| 007 |
cr cn||||||||| |
| 008 |
041214s2005 dcu sb i001 0 eng |
| 010 |
|
|
|z 2004062944
|
| 020 |
|
|
|z 0821360418 (pbk.)
|
| 035 |
|
|
|a (MiAaPQ)EBC459470
|
| 035 |
|
|
|a (Au-PeEL)EBL459470
|
| 035 |
|
|
|a (CaPaEBR)ebr10081827
|
| 035 |
|
|
|a (CaONFJC)MIL15796
|
| 035 |
|
|
|a (OCoLC)60707026
|
| 040 |
|
|
|a MiAaPQ
|c MiAaPQ
|d MiAaPQ
|
| 050 |
|
4 |
|a HG3881.5.W57
|b A86 2005
|
| 082 |
0 |
4 |
|a 332.1/532
|2 22
|
| 245 |
0 |
0 |
|a At the frontlines of development
|h [electronic resource] :
|b reflections from the World Bank /
|c edited by Indermit S. Gill, Todd Pugatch.
|
| 246 |
3 |
|
|a Frontlines of development
|
| 260 |
|
|
|a Washington, D.C. :
|b World Bank,
|c c2005.
|
| 300 |
|
|
|a xiv, 350 p.
|
| 504 |
|
|
|a Includes bibliographical references and index.
|
| 533 |
|
|
|a Electronic reproduction. Ann Arbor, MI : ProQuest, 2015. Available via World Wide Web. Access may be limited to ProQuest affiliated libraries.
|
| 610 |
2 |
0 |
|a World Bank.
|
| 650 |
|
0 |
|a Economic development.
|
| 650 |
|
0 |
|a International finance.
|
| 655 |
|
4 |
|a Electronic books.
|
| 700 |
1 |
|
|a Gill, Indermit Singh,
|d 1961-
|
| 700 |
1 |
|
|a Pugatch, Todd.
|
| 710 |
2 |
|
|a ProQuest (Firm)
|
| 856 |
4 |
0 |
|u https://ebookcentral.proquest.com/lib/matrademy/detail.action?docID=459470
|z Click to View
|